000 00821nam a22002777a 4500
003 OSt
005 20251022142518.0
008 250929b ||||| |||| 00| 0 eng d
020 _a978-621-409-278-9
040 _cURS
050 _aHM131
_b.C31 2024
100 _aJesus Perry L. Caudilla
245 _aEssentials of Organizational Communication
264 _aMandaluyong City
_bBooks Atbp. Publishing Corp.
_c©2024
300 _a238 pages.,:
_c26 cm.
336 _2rdacontent
_atext
337 _2rdamedia
_aunmediated
338 _2rdacarrier
_avolume
650 0 _aCommunication in organizations
650 0 _aInterpersonal relations
650 0 _aOrganizational behavior
650 0 _aPersonnel management
700 1 _aCuizon, Marivic E.
700 _aDe Guzman, Cristopher Alvin M.
942 _2lcc
_cF
999 _c88079
_d88076